| 000 | 00376pab a2200145 454500 | ||
|---|---|---|---|
| 008 | 180718b1989 xxu||||| |||| 00| 0 eng d | ||
| 100 | _aNarasimham, M. | ||
| 245 | _aGlobalisation of financial market and India | ||
| 260 | _c1989 | ||
| 300 | _a1-15 | ||
| 362 | _aSept. | ||
| 650 | _aInternational Economic Relations | ||
| 773 | _aASCI Journal of Management | ||
| 909 | _a11242 | ||
| 999 |
_c11242 _d11242 |
||